00363nam a2200145Ia 4500008004100000020001500041082001800056100001500074245003300089250000600122260003700128300001100165500002500176650001600201230524s9999 xx 000 0 und d a8176840254 a621.3824bPRA aK.D.Prasad 0aAntenna and Wave Propagation a1 aNew DelhibTech India Pub.c2018 a1281p; aQuantity Number: 10 aElectronics